000 02020cam a22004814i 4500
003 PE-LiUPU
005 20250731173336.0
008 150706s2007 mnu r 000 0 eng d
020 _a9780814658154
035 _a(Sirsi) i9780814658154
040 _aPE-LiUPU
_bspa
_cPE-LiUPU
_erda
049 _aPRUA
082 0 4 _a227.87077
_bH
_221
100 1 _aMitchell, Alan C.,
_eautor.
245 1 0 _aHebrews /
_cAlan C. Mitchell ; Daniel J. Harrington, editor.
264 1 _aMinn :
_bLiturgical Press,
_c2007.
300 _a357 páginas ;
_c24 centímetros.
336 _atext
_2rdacontent
337 _aunmediated
_2rdamedia
338 _avolume
_2rdacarrier
490 0 _aSacra pagina ;
_v13
505 0 _aTranslation, notes, interpretation -- Exordium -- Jesus, Son crowned with glory as a result of his suffering and death (1:5-2:18) -- Jesus, apostle and high priest : a model of faith and hope (3:1-6:20) -- The message for the mature : another priest like Melchizedek (7:1-10:39) -- Heroic faith and the discipline of suffering (11:1-12:13) -- Warnings and exhortations (12:14-13:19) -- Postscript.
526 _aSEG42
526 _aSEG41
526 _aSEG40
526 _aSEG39
526 _aP94
526 _aP87
526 _aP86
526 _aP85
526 _aP77
526 _aP76
526 _aP35
541 _g104-3776787-4588217;
630 _aBiblia.
_pN.T.
_pHebreos
_xCommentarios.
700 1 _aHarrington, Daniel J.,
_eed.
910 _agl
_bjv
_clch
_d20090810
942 _2ddc
_cBOOK
949 _a227.87077 H
_wDEWEY
_c1
_i59793
_d2016-11-29
_e2016-11-29
_lCCODEBUL1
_mBUL
_n7
_p30.00
_r0
_sY
_tBOOK
_u2015-7-6
_xTEOLOGIA
_PP85
_0COMPRA
_o.STAFF. Colección General
994 _aC0
_bPEPRU
596 _a1
999 _a227.87077 H
_wDEWEY
_c49325
_i59793
_d49325
_e2016-11-29
_f2021-11-9
_g5
_lCCODEBUL1
_mBUL
_n7
_p30.00
_q12
_r0
_sY
_tBOOK
_u2015-7-6
_xTEOLOGIA
_PP85
_0COMPRA
_o.STAFF. Colección Teología
980 _81
_gALBERTO SANCHEZ Responsable de Automatización